Представление документа в формате RUSMARC

ПолеНазваниеЗначение
  Тип записи a
  Библиографический уровень m
001 Контрольный номер 298bbf01663a476cbf714e175ecd3a55
005 Дата корректировки 20140604164251.8
010 Индекс ISBN __
a ISBN 978-5-7054-0056-0
101 Язык документа 0_
a Язык текста rus
102 Страна публикации __
a Страна публикации RU
200 Заглавие и сведения об ответственности 1_
a Заглавие Особенности учета затрат на консультационные услуги при налогообложении прибыли
f Первые сведения об ответственности Е. Г. Ситникова
210 Выходные данные 1_
c Издательство Финансовая газета
a Место издания М.
d Дата издания 2009
215 Физическое описание __
a Объем 48 с.
225 Серия 2_
a Серия Финансовая газета: международный финансовый еженедельник
610 Ключевые слова 0_
a Ключевые слова учет затрат
610 Ключевые слова 0_
a Ключевые слова консультационные услуги
610 Ключевые слова 0_
a Ключевые слова налогообложение прибыли
686 Индексы других классификаций __
a Классификационный индекс 65.052.9(2)261.413
2 Код системы rubbk
700 Автор _1
a Фамилия Ситникова
b Имя Е. Г.
801 Источник записи _0
a Страна RU
b Организация РУК
c Дата составления 20091119
g Правила каталогизации PSBO
801 Источник записи _1
a Страна RU
b Организация РУК
c Дата составления 20091119
g Правила каталогизации PSBO
852 Данные о местонахождении __
i Авторский знак С 41
j Шифр хранения ББК 65.052
901 Тип документа __
t Тип документа m
938 Служебная информация __
a Название организации Головной вуз
b Имя БД BOOK
c Название АИБС АИБС ИРБИС